| 000 | 00722nam a2200229 a 4500 | ||
|---|---|---|---|
| 005 | 20240802063716.0 | ||
| 008 | 140826s2010 mx r 000 0 spa d | ||
| 020 | _a9786074695755 (SEP) | ||
| 020 | _a9786074555646 (Educal) | ||
| 035 | _aUPN01000199145 | ||
| 049 | _aI | ||
| 050 | 4 |
_aPQ7298.416 E7.6 _bV3.3 |
|
| 100 | 1 |
_aFernández, Bernardo, _d1972- _932578 |
|
| 245 | 1 | 0 |
_aVacaciones en marte / _cBernardo Fernández ; il. Bef. |
| 260 |
_aMéxico : _bSEP : _bEducal, _c2010. |
||
| 300 |
_a[29] p. : _bil. col. |
||
| 440 | 0 |
_aLibros del rincón. _pPasos de luna |
|
| 540 | _aDonación | ||
| 650 | 4 |
_aLiteratura infantil mexicana _910209 |
|
| 650 | 4 |
_aCiencia ficción _vCuentos y leyendas _913121 |
|
| 905 | _aInfantil | ||
| 999 |
_c171246 _d171246 |
||